| 000 | 00629nam a22002177a 4500 | ||
|---|---|---|---|
| 003 | LC | ||
| 005 | 20160322121952.0 | ||
| 008 | 130926t xxu||||| |||| 00| 0 eng d | ||
| 020 | _a9781869434427 | ||
| 050 |
_aPZ 7 _b.B823 2000 |
||
| 082 |
_aFIC _bB73r 2000 |
||
| 100 |
_aBrassi, G _921820 |
||
| 245 |
_aRiding the rough / _cG Brassi. |
||
| 260 |
_aAuckland : _bScholastic, _c2000. |
||
| 300 |
_a141 p. : _bill. ; _c19 cm. |
||
| 650 |
_aWater skiing _xFicition. _921821 |
||
| 650 |
_aSingle _xParent _xfamilies _xFiction. _921822 |
||
| 650 |
_aMothers and daughters _xFiction. _921823 |
||
| 942 |
_2lcc _cBK |
||
| 999 |
_c12161 _d12161 |
||